Energía y tecnología nuclear : discusiones éticas sociales y ambientales (Registro nro. 3480)
[ vista simple ]
| 000 -Cabecera | |
|---|---|
| Campo de control de longitud fija | 00688nam a22002417a 4500 |
| 005 - Fecha y hora de la última transacción | |
| Campo de control | 20240823184100.0 |
| 008 - Elementos de longitud fija--Información general | |
| Campo de control de longitud fija | 150227b2005 cr ||||| |||| 00| 0 spa d |
| 020 ## - International Standard Book Number | |
| Número Internacional Estándar del Libro (ISBN) | 9977661693 |
| 041 ## - Idioma | |
| Código de idioma | Español |
| 082 ## - Clasificación Decimal Dewey | |
| Número de clasificación | 333.792.4 A385e |
| 100 ## - Entrada principal--Autor personal | |
| Nombre personal | Alfaro Campos, Mario |
| 9 (RLIN) | 29273 |
| 100 ## - Entrada principal--Autor personal | |
| Nombre personal | Vargas Elizondo, Celso |
| 9 (RLIN) | 9930 |
| 245 ## - Título propiamente dicho | |
| Título | Energía y tecnología nuclear : discusiones éticas sociales y ambientales |
| 260 ## - Pie de imprenta | |
| Lugar de publicación, distribución, etc. | Costa Rica |
| 260 ## - Pie de imprenta | |
| Nombre del editor, distribuidor, etc. | Editorial Tecnológica de Costa Rica |
| 260 ## - Pie de imprenta | |
| Fecha de publicación, distribución, etc. | 2005 |
| 300 ## - Descripción física | |
| Extensión | 365 páginas |
| 650 ## - Materia general | |
| Temática (materia general) | TECNOLOGÍA NUCLEAR |
| 650 ## - Materia general | |
| Temática (materia general) | ENERGÍA NUCLEAR |
| 650 ## - Materia general | |
| Temática (materia general) | ÉTICA |
| 650 ## - Materia general | |
| Temática (materia general) | USOS DE LA TECNOLOGÍA NUCLEAR |
| 942 ## - Punto de acceso adicional KOHA | |
| Tipo de ítem KOHA | Libro |
| Fuente del sistema de clasificación o colocación | Dewey Decimal Classification |
| Signatura completa | Código de barras | Tipo de ítem |
|---|---|---|
| 333.792.4 A385e | 18790 | Libro |